30 Aniversario de la Convencin̤ sobre los Derechos del Niǫ Logros y retos desde una perspectiva multidisciplinar

Detalles Bibliográficos
Autor principal: Vz̀quez Rodrg̕uez, Beatriz
Formato: eBook
Lenguaje:español
Publicado: Madrid: Dykinson, 2020
Materias:
Acceso en línea:Acceso restringido

MARC

LEADER 00000nam a22000007a 4500
005 20210927213019.0
007 cr|||| ||||
008 210927s2020 es |||||s|||| 00||0 spa d
020 |a 978-84-1377-477-0 
035 |a 35073 
040 |a vLex 
090 |c 12428  |d 12428 
100 1 |a Vz̀quez Rodrg̕uez, Beatriz 
245 1 0 |a 30 Aniversario de la Convencin̤ sobre los Derechos del Niǫ  |h [Recurso electrn̤ico] :  |b Logros y retos desde una perspectiva multidisciplinar  |c Beatriz Vz̀quez Rodrg̕uez 
256 |a Servicio en ln̕ea 
260 |a Madrid:  |b Dykinson,  |c 2020 
300 |a 1 recurso electrn̤ico 
506 1 |a Disponible solo en los productos indicados  |d vLex Global  |d vLex Global (Academic Edition, excluding Law Schools)  |d vLex Global (U.S. Academic Edition, Law Schools)  |d vLex Global (U.S. Academic Edition, excluding Law Schools)  |d vLex Global (Academic Edition, Law Schools) 
650 0 4 |a Ciencias sociales  |z Espaą 
650 0 4 |a Derecho Penal  |z Espaą 
650 0 4 |a Derecho Internacional  |z Espaą 
740 0 |a vLex Libros (Servicio en ln̕ea) 
856 4 0 |u https://app.vlex.com/#/sources/35073  |z Acceso restringido 
942 |c BOOK 
999 0 |a Social Sciences 
999 0 |a Criminal Law 
999 0 |a International Law